Sage quarter / (Record no. 78017)

MARC details
000 -LEADER
campo de control de longitud fija 00521nam a2200181 i 4500
001 - NÚMERO DE CONTROL
campo de control 78017
003 - IDENTIFICADOR DE NÚMERO DE CONTROL
campo de control ES-MaACL
005 - FECHA Y HORA DE LA ÚLTIMA TRANSACCIÓN
campo de control 20230906173510.0
007 - CAMPO FIJO DE DESCRIPCIÓN FÍSICA--INFORMACIÓN GENERAL
campo de control de longitud fija t|
008 - DATOS DE LONGITUD FIJA--INFORMACIÓN GENERAL
campo de control de longitud fija 041008s1945 xxu ||||1| eng d
100 1# - ENTRADA PRINCIPAL--NOMBRE DE PERSONA
Nombre de persona Harris, Bernice Kelly.
9 (RLIN) 61903
245 10 - MENCIÓN DEL TÍTULO
Título Sage quarter /
Mención de responsabilidad, etc. Bernice Kelly Harris.
250 ## - MENCION DE EDICION
Mención de edición [1st ed.].
260 ## - PUBLICACIÓN, DISTRIBUCIÓN, ETC.
Lugar de publicación, distribución, etc. New York :
Nombre del editor, distribuidor, etc. Doubleday,
Fecha de publicación, distribución, etc. 1945 (
Fabricante The Country Life Press)
300 ## - DESCRIPCIÓN FÍSICA
Extensión VIII, 259 p. ;
Dimensiones 20 cm.
852 ## - LOCALIZACIÓN
Ubicación ES-MaACL
Número de control de estantería C-25175
Sublocalización o colección R.53924
852 ## - LOCALIZACIÓN
Ubicación ES-MaACL
Número de control de estantería C-25325
Sublocalización o colección R.54127
Holdings
Estatus retirado Estado de pérdida Estado de daño No para préstamo Biblioteca de origen Biblioteca actual Ubicación en estantería Fecha de adquisición Fuente de adquisición Total de préstamos Signatura topográfica completa Código de barras Visto por última vez Precio de reemplazo Tipo de ítem Koha
        Biblioteca del Ateneo de Madrid Biblioteca del Ateneo de Madrid Depósito 2 17/01/2008     C-25325 1081617 23/02/2023 23/02/2023 Libro impreso
        Biblioteca del Ateneo de Madrid Biblioteca del Ateneo de Madrid Depósito 2 17/01/2008     C-25175 1081616 23/02/2023 23/02/2023 Libro impreso